Statistics for NBA Best Defensive Teams Ever

Click here to take the quiz!

General Stats

  • This quiz has been taken 41 times
  • The average score is 18 of 20

Answer Stats

RankYearTeam% Correct
202010-2011Chicago Bulls
100%
82007-2008Boston Celtics
97%
171968-1969Boston Celtics
97%
161959-1960Boston Celtics
97%
131965-1966Boston Celtics
97%
21964-1965Boston Celtics
97%
11963-1964Boston Celtics
97%
41962-1963Boston Celtics
97%
71960-1961Boston Celtics
97%
31961-1962Boston Celtics
97%
51951-1952Minneapolis Lakers
97%
112003-2004Detroit Pistons
94%
62003-2004San Antonio Spurs
91%
121998-1999San Antonio Spurs
91%
152004-2005San Antonio Spurs
91%
91992-1993New York Knicks
80%
101993-1994New York Knicks
80%
181969-1970New York Knicks
80%
142013-2014Indiana Pacers
71%
191974-1975Washington Bullets
51%

Score Distribution

Percentile by Number Answered

Percent of People with Each Score

Your Score History

You have not taken this quiz